00767nab a22001937a 4500999001500000003000400015005001700019008004100036040000700077100004600084245011500130300001300245505007400258505007200332650002800404650001900432773010900451942001300560 c5793d5793OSt20260106195006.0190514b xxu||||| |||| 00| 0 spa d cPJ 96701aBecerra Vázquez, Sofía Victoria13aLa donación solidaria como herramienta de planificación patrimonial /cSofía Victoria Becerra Vázquez. ap. 42-49 aSumario: I. Introducción.— II. Desarrollo.— III. Conclusiones.  tSi te interesa el texto, comunicate a koha@justierradelfuego.gov.ar 09967aDERECHO DE FAMILIA 0aDONACION945540 0284493222dBuenos Aires : AbeledoPerrot, 1989-tDerecho de familia. N° 116 - Septiembre 2024z18511201 2udccANA